Palestinians and Middle East Peace : Issues for the United States.

Provides background and analysis on negotiations between Israel and the Palestinians. Examines U.S. policy toward and aid for the Palestinians; unresolved issues in the Palestine problem; the peace process; Palestinian Government and economy; and related issues concerning the Palestinians, including...

Full description

Bibliographic Details
Corporate Authors: Library of Congress. Congressional Research Service, ProQuest (Firm)
Format: eBook
Language:English
Published: [Place of publication not identified] : [publisher not identified], 2003.
Series:U.S. Congressional Research.
Subjects:
Online Access:Connect to the full text of this electronic book

MARC

Tag First Indicator Second Indicator Subfields
LEADER 00000cam a22000001a 4500
001 in00003384821
006 m d f
007 cr bn mmmapmmp
008 100727s2003 dcu o f000 0 eng d
005 20260429191312.0
035 |a cis2007901816 
040 |a ProQuest  |c ProQuest  |d UtOrBLW 
043 |a n-us--- 
099 |a CRS-2003-FDT-0650 
110 2 |a Library of Congress.  |b Congressional Research Service. 
245 1 0 |a Palestinians and Middle East Peace :  |b Issues for the United States. 
264 1 |a [Place of publication not identified] :  |b [publisher not identified],  |c 2003. 
300 |a 1 online resource. 
336 |a text  |b txt  |2 rdacontent 
337 |a computer  |b c  |2 rdamedia 
338 |a online resource  |b cr  |2 rdacarrier 
500 |a Record is based on bibliographic data in ProQuest U.S. Congressional Research Digital Collection (last viewed July 2010). Reuse except for individual research requires license from ProQuest, LLC. 
500 |a CRS Report. 
520 |a Provides background and analysis on negotiations between Israel and the Palestinians. Examines U.S. policy toward and aid for the Palestinians; unresolved issues in the Palestine problem; the peace process; Palestinian Government and economy; and related issues concerning the Palestinians, including terrorism and refugees. 
500 |a Electronic resource. 
650 0 |a Arab-Israeli conflict. 
650 0 |a Economic assistance. 
651 0 |a Israel. 
655 7 |a Electronic books.  |2 local 
710 2 |a ProQuest (Firm) 
776 0 8 |i Microfiche version:   |a Library of Congress. Congressional Research Service.  |t Palestinians and Middle East Peace 
830 0 |a U.S. Congressional Research. 
856 4 0 |u http://proxy.library.tamu.edu/login?url=https://congressional.proquest.com/congcomp/getdoc?CRDC-ID=CRS-2003-FDT-0650  |z Connect to the full text of this electronic book  |t 0 
999 |a MARS 
999 f f |s 3d88821e-a0bd-33f4-b4fc-73bf7f25ba08  |i 38d429ff-1ef6-320e-9dc4-6e87e5e19004  |t 0 
952 f f |a Texas A&M University  |b College Station  |c Electronic Resources  |s www_evans  |d Available Online  |t 0  |e CRS-2003-FDT-0650  |h Other scheme 
998 f f |a CRS-2003-FDT-0650  |t 0  |l Available Online